000 00879nam a22003017a 4500
001 BR2023000263
003 BR-BrBNA
005 20230928105719.0
007 ta
008 230509b bl.||||| |||| 00| 0 por d
040 _aBR-BrBNA
_bpor
_cBiblioteca Nacional de Agricultura
041 _a(Por)
072 _aL73; D50
_b5300
_b4150
090 _ 5300 BR2023000263
100 1 _aMorés, N.
100 1 _aZanella, J.R.C.
110 1 _aEmbrapa Suínos e Aves, Concórdia, SC (Brasil)
245 1 _aPrograma de erradicação da doença de Aujeszky no estado de Santa Catarina
260 3 _aConcórdia, SC (Brasil):
_c[nd].
300 _a46 p.
500 _aPublished 2000?; 22 ref.; 14 tables
650 _aSUÍNO
650 _aDOENÇA DE AUJESZKY
650 _aDOENÇA VIRÓTICA
650 _aLEGISLAÇÃO
909 _a202309
_bLucia
_c55
_dLucia Elande
942 _cBK
999 _c86315
_d86315